000
00279nam a2200109Ia 4500
008
220204s9999 xx 000 0 und d
082
_a
159.928
_b
FIX
100
_a
FIXX, James F
245
0
_a
More games for the super intelligent
260
_a
New York
_b
Popular
_c
1972
942
_c
BK
999
_c
33444
_d
33444